[Event "Forza Sicilian!"]
[Site "SchemingMind.com"]
[Date "2012.08.12"]
[Round "-"]
[White "kubinet"]
[Black "krzysztof"]
[Result "1-0"]
[WhiteCountry "GER"]
[BlackCountry "POL"]
[WhiteElo "1454"]
[WhiteRD "44"]
[BlackElo "1574"]
[BlackRD "72"]
[GameID "315696"]

1. e4 c5 2. Nf3 d6 3. d4 cxd4 4. Nxd4 Nf6 5. Nc3 a6 6. Bg5 Bg4 7. Be2 Bxe2 8. Qxe2 e5 9. Nb3 h6 10. Be3 Nc6
11. a3 Be7 12. O-O O-O 13. Rad1 Qc7 14. f3 Rfd8 15. Qf2 Qd7 16. Nc5 Qc8 17. N5a4 Rb8 18. Nb6 Qc7 19. Nbd5 Qd7 20. Nb6 Qe6
21. Ncd5 Nxd5 22. Nxd5 Qg6 23. Rd2 Qh5 24. Bb6 Rd7 25. c3 Bh4 26. g3 Bg5 27. Rdd1 Ne7 28. Rd3 Nxd5 29. Rxd5 Qg6 30. Be3 Bf4
31. Bxf4 exf4 32. Rfd1 fxg3 33. hxg3 b5 34. Kg2 Re8 35. Qb6 Rde7 36. Rxd6 Re6 37. Rxe6 Rxe6 38. Rd8+ Kh7 39. Qb8 Qf6 40. Rh8+ Kg6
41. Rd8 h5 42. Rd5 h4 43. Rf5 Qe7 44. Qh8 Rxe4 45. Qh5#
1-0

[Event "Forza Sicilian!"]
[Site "SchemingMind.com"]
[Date "2012.08.12"]
[Round "-"]
[White "condoritorey"]
[Black "krzysztof"]
[Result "1-0"]
[WhiteCountry "CHI"]
[BlackCountry "POL"]
[WhiteElo "2089"]
[WhiteRD "211"]
[BlackElo "1624"]
[BlackRD "77"]
[GameID "315697"]

1. e4 c5 2. Nf3 d6 3. d4 cxd4 4. Nxd4 Nf6 5. Nc3 a6 6. Be2 e5 7. Nb3 Nc6 8. Be3 b5 9. O-O Bb7 10. f4 Nd7
11. Nd5 Nc5 12. Nxc5 dxc5 13. a3 Nd4 14. fxe5 Bxd5 15. exd5 Be7 16. d6 Bxd6 17. exd6 Qxd6 18. Bxd4 cxd4 19. Bd3 O-O 20. Qh5 h6
21. Qf5 g6 22. Qf6 Qd5 23. Rf3 Rae8 24. Bxg6 fxg6 25. Qxg6+ Kh8 26. Qxh6+ Kg8 27. Qg6+ Kh8 28. Rh3+ Qh5 29. Rxh5#
1-0